[Event "Sachsen-ch Seniors 14th"]
[Site "Dresden"]
[Date "2005.07.26"]
[Round "5"]
[White "Stavenhagen, Johannes"]
[Black "Hampel, Johannes"]
[Result "1/2-1/2"]
[WhiteElo "1991"]
[BlackElo "2197"]
[PlyCount "48"]
[EventDate "2005.07.22"]
[EventType "swiss"]
[EventRounds "9"]
[EventCountry "GER"]
[SourceTitle "EXT 2006"]
[Source "ChessBase"]
[SourceDate "2005.11.24"]
[SourceVersion "1"]
[SourceVersionDate "2005.11.24"]
[SourceQuality "1"]

1. d4 d5 2. c4 e6 3. Nc3 Nf6 4. Bg5 Be7 5. Nf3 0-0 6. e3 h6 7. Bh4 b6 8. cxd5 Nxd5 9. Bxe7 Qxe7 10. Nxd5 exd5 11. Be2 Be6 12. 0-0 c5 13. Ne5 Nd7 14. f4 Nxe5 15. fxe5 f6 16. exf6 Rxf6 17. Rxf6 Qxf6 18. Qf1 Qg5 19. Qc1 Rf8 20. dxc5 Bh3 21. Bf1 bxc5 22. e4 Be6 23. Qxg5 hxg5 24. exd5 Bxd5 1/2-1/2

[Event "EU-chT Seniors 07th"]
[Site "Dresden"]
[Date "2005.02.24"]
[Round "7"]
[White "Packroff, Hermann"]
[Black "Hampel, Johannes"]
[Result "1/2-1/2"]
[WhiteElo "2262"]
[BlackElo "2188"]
[PlyCount "30"]
[EventDate "2005.02.18"]
[EventType "team-swiss"]
[EventRounds "8"]
[EventCountry "GER"]
[SourceTitle "EXT 2006"]
[Source "ChessBase"]
[SourceDate "2005.11.24"]
[SourceVersion "1"]
[SourceVersionDate "2005.11.24"]
[SourceQuality "1"]

1. d4 d5 2. Nf3 Nf6 3. c4 e6 4. Nc3 Be7 5. Bg5 0-0 6. e3 h6 7. Bh4 b6 8. Qc2 c5 9. cxd5 Nxd5 10. Bxe7 Qxe7 11. Nxd5 exd5 12. dxc5 Qxc5 13. Rc1 Nd7 14. Be2 Bb7 15. 0-0 Rac8 1/2-1/2

[Event "EU-chT Seniors 07th"]
[Site "Dresden"]
[Date "2005.02.20"]
[Round "3"]
[White "Hoen, Ragnar Harald"]
[Black "Hampel, Johannes"]
[Result "1-0"]
[WhiteElo "2271"]
[BlackElo "2188"]
[PlyCount "43"]
[EventDate "2005.02.18"]
[EventType "team-swiss"]
[EventRounds "8"]
[EventCountry "GER"]
[SourceTitle "EXT 2006"]
[Source "ChessBase"]
[SourceDate "2005.11.24"]
[SourceVersion "1"]
[SourceVersionDate "2005.11.24"]
[SourceQuality "1"]

1. e4 e6 2. d4 d5 3. Nc3 Nf6 4. Bg5 Be7 5. Bxf6 Bxf6 6. Nf3 c5 7. exd5 Qb6 8. Bb5+ Bd7 9. Bxd7+ Nxd7 10. 0-0 cxd4 11. dxe6 fxe6 12. Ne4 Rd8 13. Re1 0-0 14. Qd3 Rfe8 15. b4 Qxb4 16. Rab1 Qa5 17. Rxb7 Nc5 18. Nxf6+ Kf8 19. Qxh7 Nxb7 20. Qg8+ Ke7 21. Qxg7+ Kd6 22. Qxb7 1-0

[Event "EU-chT Seniors 07th"]
[Site "Dresden"]
[Date "2005.02.18"]
[Round "1"]
[White "Alexandria, Nana"]
[Black "Hampel, Johannes"]
[Result "1-0"]
[WhiteElo "2336"]
[BlackElo "2188"]
[PlyCount "87"]
[EventDate "2005.02.18"]
[EventType "team-swiss"]
[EventRounds "8"]
[EventCountry "GER"]
[SourceTitle "EXT 2006"]
[Source "ChessBase"]
[SourceDate "2005.11.24"]
[SourceVersion "1"]
[SourceVersionDate "2005.11.24"]
[SourceQuality "1"]

1. d4 d5 2. c4 e6 3. Nc3 Nf6 4. Bg5 Be7 5. e3 0-0 6. Nf3 h6 7. Bf4 b6 8. cxd5 Nxd5 9. Nxd5 exd5 10. Bd3 Bb4+ 11. Ke2 Bd6 12. Bxd6 Qxd6 13. h3 c5 14. Rc1 Nc6 15. Qa4 Bd7 16. Qa3 Nb4 17. Ne5 Nxd3 18. Nxd3 Bb5 19. dxc5 Bxd3+ 20. Kxd3 Qg6+ 21. Ke2 d4 22. Qd3 Qxd3+ 23. Kxd3 dxe3 24. fxe3 Rad8+ 25. Ke2 bxc5 26. Rxc5 Rfe8 27. Rc7 Rb8 28. b3 a5 29. Rf1 f6 30. Rf4 Re5 31. Rg4 g5 32. Rd4 Rbe8 33. Rd3 f5 34. Kf2 Re4 35. Ra7 f4 36. exf4 Rxf4+ 37. Kg3 Rf5 38. Kg4 Rf4+ 39. Kg3 Rf5 40. Rf3 Rd5 41. Rc3 Rf8 42. Rcc7 Rd3+ 43. Kh2 Re8 44. Rxa5 1-0

[Event "GER-chA Seniors 16th"]
[Site "Templin"]
[Date "2004.09.09"]
[Round "6"]
[White "Hampel, Johannes"]
[Black "Siegmund, Rainer"]
[Result "1/2-1/2"]
[WhiteElo "2190"]
[BlackElo "2076"]
[PlyCount "32"]
[EventDate "2004.09.04"]
[EventType "swiss"]
[EventRounds "9"]
[EventCountry "GER"]
[SourceTitle "EXT 2005"]
[Source "ChessBase"]
[SourceDate "2004.11.15"]
[SourceVersion "1"]
[SourceVersionDate "2004.11.15"]
[SourceQuality "1"]

1. d4 Nf6 2. c4 e6 3. Nc3 Bb4 4. e3 c5 5. Bd3 Nc6 6. Nf3 Bxc3+ 7. bxc3 d6 8. 0-0 e5 9. d5 Ne7 10. e4 0-0 11. Nh4 h6 12. f4 Ng6 13. Nxg6 fxg6 14. fxe5 dxe5 15. Rb1 b6 16. a4 a5 1/2-1/2